| 000 | 01170nam a22002177a 4500 | ||
|---|---|---|---|
| 005 | 20240530110933.0 | ||
| 008 | 220221s1996 ua a g b 000 0 ara d | ||
| 040 |
_aEG-CaGPL _cEG-CaGPL |
||
| 082 | 0 | 4 |
_221 _a370.193/ _bس ع |
| 100 | 1 | _aالسمعانى : تاج الاسلام ابو سعيد عبدالكريم بن محمد بن ابى المظفر منصور بن محمد التميمى | |
| 245 | 1 | 0 |
_aعبدالكريم بن محمد السمعانى فى كتابه ادب الاملاء والاستملاء / _cالسمعانى : تاج الاسلام ابو سعيد عبدالكريم بن محمد بن ابى المظفر منصور بن محمد التميمى ؛ تحقيق شفيق محمد زيعور |
| 250 | _aط.1 | ||
| 260 |
_aبيروت : _bدار اقرأ للنشر والتوزيع والطباعة، _c1984 |
||
| 300 |
_a268 ص؛ _c24 سم |
||
| 490 | 0 | _aموسوعة التربية والتعليم الاسلامية | |
| 600 | 0 | _aعبدالكريم السمعانى | |
| 650 | 0 | 7 |
_aاللغة العربية _2qrmak |
| 650 | 0 | 7 |
_aاداب المجالس _2qrmak |
| 942 |
_2ddc _cBK |
||
| 999 |
_c66682 _d66682 |
||